| 000 | 01619nam a2200325 i 4500 | ||
|---|---|---|---|
| 003 | DO-SdBNP | ||
| 005 | 20250925135320.0 | ||
| 006 | a||||gr|||| 00| 0 | ||
| 007 | ta | ||
| 008 | 231003e2015 dr ad||| |||| 00| 0 spa d | ||
| 040 |
_aDO-SdBNP _bspa _cBNPHU _erda |
||
| 082 | 4 |
_222 _bR426a |
|
| 110 | 1 |
_aRepública Dominicana. Oficina Presidencial de Tecnología de la Información y Comunicación. _eautor _984352 |
|
| 245 | 1 | 0 |
_aNORTIC A5 2015: _bnorma sobre la prestación y automatización de los servicios públicos del Estado Dominicano. / |
| 264 | 1 |
_aSanto Domingo : _bOPTIC. _bMAP. _c2015 |
|
| 300 |
_a88 páginas : _bIlustraciones, gráficas ; _c23 cm |
||
| 336 |
_2rdacontent _atexto _btxt |
||
| 337 |
_2rdamedia _asin mediación _bn |
||
| 338 |
_2rdacarrier _avolumen _bnc |
||
| 490 | _aCategoría: A. | ||
| 490 |
_aDocumento ; _v5 |
||
| 500 | _aIncluye glosario de términos y abreviaturas páginas 74- 85. | ||
| 500 | _aIncluye bibliografía y notas al pié de páginas. | ||
| 504 | _aBibliografía: 86 - 88 | ||
| 505 |
_aPrólogo. _gMarco Legal.-- Introducción. _gCapítulo I. _tNorma sobre la Prestación y Autorización de los Servicios Públicos del Estado Dominicano.-- _gCapítulo II. _tPreparación de los Servicios Públicos.-- _gCapítulo III. _tCanales de Atención Ciudadana.-- _gCapítulo IV. _tInteroperatividad.-- _tGlosario de términos.-- _tAbreviaturas y acrónimos.-- |
||
| 590 | _aInventariado 2023 / MF | ||
| 650 | 4 |
_aRepública Dominicana. Reglametos y Normas de la Conectividad _984350 |
|
| 710 | 1 |
_aRepública Dominicana _bMinisterio de Administración Pública _965952 |
|
| 942 |
_2ddc _cLBS1 |
||
| 999 |
_c55058 _d55058 |
||